List of TF2 weapons that don't deal random crits - Statistics

General Stats
  • This quiz has been taken 197 times
  • The average score is 7 of 23
Answer Stats
Weapons with no random crits % Correct
Eyelander
65%
Bushwacka
43%
Market Gardener
41%
Back Scatter
40%
Diamondback
40%
Phlogistinator
40%
Ambassador
39%
Frontier Justice
37%
Half-Zatoichi
32%
Gunslinger
30%
Persian Persuader
30%
Rocket Jumper
27%
Cow Mangler 5000
24%
Sticky Jumper
24%
Enforcer
23%
Sydney Sleeper
23%
Manmelter
21%
Neon Annihilator
21%
Claidheamh Mor
20%
Cleaner's Carbine
20%
Ullapool Caber
20%
Axtinguisher
19%
Flying Guillotine
15%
No matching quizzes found
Score Distribution
Percent of People with Each Score
Percentile by Number Answered
Your Score History
You have not taken this quiz